000 00719nam a2200241 a 4500
001 12760
003 BD-JhCC
005 20230510163646.0
008 230510b2020 bg a|||| ||a| 00| 0 ben d
020 _a9789848179055
035 _a(BD-JhCC)12760
040 _aBD-JhCC
_dBD-JhCC
041 _aBengali
082 _a923.1
_bAFR 2020
100 _aআফরিন, আজরিন
245 _aবঙ্গবন্ধু ও সোহরাওয়ার্দী /
_cআজরিন আফরিন।
260 _aঢাকা :
_bতাম্রলিপি ;
_c২০২০.
300 _a118 p. :
_bill;
_c22 cm.
600 _aBangabandhu
650 _aBiography
942 _2ddc
_cBK
999 _c12760
_d12760